<?xml version="1.0" encoding="UTF-8"?><?xml-stylesheet type="text/xsl" href="static/style.xsl"?><OAI-PMH xmlns="http://www.openarchives.org/OAI/2.0/" xmlns:xsi="http://www.w3.org/2001/XMLSchema-instance" xsi:schemaLocation="http://www.openarchives.org/OAI/2.0/ http://www.openarchives.org/OAI/2.0/OAI-PMH.xsd"><responseDate>2026-04-30T00:43:26Z</responseDate><request verb="GetRecord" identifier="oai:uvadoc.uva.es:10324/54518" metadataPrefix="marc">https://uvadoc.uva.es/oai/request</request><GetRecord><record><header><identifier>oai:uvadoc.uva.es:10324/54518</identifier><datestamp>2022-08-22T19:01:15Z</datestamp><setSpec>com_10324_38</setSpec><setSpec>col_10324_852</setSpec></header><metadata><record xmlns="http://www.loc.gov/MARC21/slim" xmlns:doc="http://www.lyncode.com/xoai" xmlns:xsi="http://www.w3.org/2001/XMLSchema-instance" xmlns:dcterms="http://purl.org/dc/terms/" xsi:schemaLocation="http://www.loc.gov/MARC21/slim http://www.loc.gov/standards/marcxml/schema/MARC21slim.xsd">
<leader>00925njm 22002777a 4500</leader>
<datafield tag="042" ind1=" " ind2=" ">
<subfield code="a">dc</subfield>
</datafield>
<datafield tag="720" ind1=" " ind2=" ">
<subfield code="a">Calvo González, Nuria</subfield>
<subfield code="e">author</subfield>
</datafield>
<datafield tag="260" ind1=" " ind2=" ">
<subfield code="c">2022</subfield>
</datafield>
<datafield tag="520" ind1=" " ind2=" ">
<subfield code="a">El trabajo realiza un análisis sobre un elemento socio-económico que está vinculado a nuestro mercado laboral, siendo fuente de desigualdades económicas y, por tanto, no permiten un desarrollo completo de la economía de un país: la diferencia salarial entre hombres y mujeres. Veo la necesidad de hacer este trabajo sobre la diferencia salarial entre hombres y mujeres, metiéndome también a analizar la brecha salarial, y poder ver si siguen siendo necesarias más políticas y actuaciones tanto del sector público como a nivel de empresa para conseguir alcanzar la igualdad de oportunidades y de género.</subfield>
</datafield>
<datafield tag="024" ind2=" " ind1="8">
<subfield code="a">https://uvadoc.uva.es/handle/10324/54518</subfield>
</datafield>
<datafield tag="245" ind1="0" ind2="0">
<subfield code="a">Diferencias salariales entre hombres y mujeres: el papel del sector público</subfield>
</datafield>
</record></metadata></record></GetRecord></OAI-PMH>